00594nam a2200205Ia 4500003000400000005001700004008004100021020001500062040001800077041000800095082001800103100002200121245007200143250001200215260003800227300001000265650004900275650003800324650002600362OSt20260123161202.0210716s1993 xx 000 0 und d a0070456550 cAIMIT LIBRARY aeng a657.47 bMCQR aMcquade, Ralph J. aCases in financial accounting and reporting /cBy Ralph J. McQuade. a1st ed. aNew York :bMc Graw Hill ,c1993. ax,214 aAccounting policy issues and overview cases aCurrent and long term liabilities aBusiness combinations